000 00846nam a2200253 i 4500
001 bg
100 1 _aOBARSKA-PEMPKOWIAK, Hanna.
245 1 0 _aTechnologia wody /
_cHanna Obarska-Pempkowiak ; Politechnika Gdańska.
260 _aGdańsk :
_bWydaw. PG,
_c1997.
300 _a150 s. :
_brys., wykr. ;
_c24 cm.
504 _aBibliogr. s. 146-150.
521 _aSkrypt dla studentów V i VII semestru Wydz. Inżynierii Środowiska.
650 9 _aWoda
_xtechnologia
655 _aPodręczniki akademickie
711 2 _aPolitechnika Gdańska (Gdańsk)
020 _a8386537698
040 _cBPK
041 0 _apl
080 _a628.1(075.8)
920 _a83-86537-69-8
942 _cKS
008 s pl f |000 0 pol
856 _uhttp://koha.tu.koszalin.pl/cgi-bin/koha/opac-detail.pl?biblionumber=33667
_yKatalog online BPK
999 _c33667
_d33667